00530nam a2200181Ia 4500003000900000008004100009040001600050080001600066100002100082245005300103260003900156300001400195490005200209650001900261650002700280650002200307650001900329IN-BaIIA211028s9999 xx 000 0 eng d cIIA Library a539.19bGRE aGreen, Herbert S 4aThe molecular theory of fluidscHerbert S. Green aNew YorkbDover Publicationsc1969 aix, 264p. aDover books on physics and mathematical physics aMolecular flow aMolecular interactions aMolecular physics aNASA thesaurus